| 000 | 00642nam a2200205 a 4500 | ||
|---|---|---|---|
| 001 | 1478 | ||
| 003 | CDMR | ||
| 005 | 20131017141108.0 | ||
| 008 | 130130s1980||||||||||||||||||||||||||||d | ||
| 020 | _a8428705100 | ||
| 040 |
_aCDMR _bcat _cCDMR |
||
| 100 | 1 |
_aIglesias, Francisco _9318 |
|
| 245 | 1 | 0 |
_aHistoria de una empresa periodística _b: Prensa Española, editora de "ABC" y "Blanco y Negro" (1891-1978) _cFrancisco Iglesias |
| 260 |
_aMadrid _c1980 _bPrensa Española |
||
| 300 |
_a543 p. _c30 cm |
||
| 610 | 2 |
_990 _aABC (Diari) |
|
| 650 | 0 | 4 |
_94120 _aEmpreses periodístiques _zEspanya |
| 650 | 0 | 4 |
_91130 _aPremsa _xHistòria |
| 942 |
_cMON _2ddc |
||
| 999 |
_c1478 _d1478 |
||